01492nam a2200301 b 4500003000500000005001700005008004100022020002300063040001400086041001500100082001300115100002000128245003300148260003000181300004700211490003400258500032200292521002100614650007000635700003600705700003500741942002700776942001400803999001700817952012000834952010800954952012801062322820250523114453.0220701s9999 xx 000 1 und d a9780192739858qpbk aRDAc3228 2EaEnglish aEKF HUNT aHunt, Roderick  4aThe pancake /cRoderick Hunt aLondon :bOxford ;c1998. a20 pages :bcolour illustrations ;c21 cm. aOxford reading tree, stage 1. aIn The Pancake, part of the Oxford reading tree series, young readers follow a simple and engaging story designed to support early reading skills. The narrative focuses on the characters' experience with making and enjoying pancakes, introducing basic vocabulary and sentence structures suitable for beginner readers. aJuvenile fiction 2Children's stories, English.xReading (Primary)xPancakes9193631 aHunt, Roderick eauthor9193632 aBrychta, Alexeauthour9187867 y395zKholofelo Moabelo 2ddccBOOK c52775d52774 00104070aKOMALbKOMALd2022-06-01g100.80l0oJ428.6 HUNTp33909000492762r2022-06-01w2022-06-01yBKzKOM037/21 00104070aCHROLbCHROLd2022-07-04g130.90l0p3390900074831r2022-07-04w2022-07-04yBKzCHR 40/2021 00102ddc40708FaSTANLbSTANLcCHILDd2025-05-23g220.00l0oEKF HUNTp3300410016965r2025-05-23v220.00w2025-05-23yBK